00628nam a22002057a 4500003001100000005001700011008004100028020001500069040003900084041000800123082001500131245002100146260004900167300001100216650003300227650005000260942000700310952009000317999001500407LK-CoMWRAF20240229125446.0240229b2006 |||||||| |||| 00| 0 eng d a9558610240 aLK-CoMWRAFdLK-CoMWRAFeLK-CoMWRAF aeng a305.4bCON aCEDAW:bA manual aColombo:bCentre for women's research,c2006 a120 p. aDISCRIMINATION AGAINST WOMEN aNon governmental institutions-Women-Sri Lanka cBK 00104070aMAINbMAINd2024-02-29l0o305.4 CONpRAF5147r2024-02-29w2024-02-29yBK c4834d4834